000
00232nam a22001097a 4500
003
OSt
008
231114b |||||||| |||| 00| 0 eng d
041
_a
mal
100
_a
Ayyappan, T. R.
_9
5628
245
_a
Anakkettukal /
942
_c
BK
999
_c
17855
_d
17855